| 000 | 02867nam0a22002891 4500 | ||
|---|---|---|---|
| 001 | rc\4616874 | ||
| 005 | 20260407183855.0 | ||
| 021 |
_aRU _b[61-25294] |
||
| 035 | _a(NLR Aleph) 008672794 | ||
| 090 |
_a9130371 _c9130371 |
||
| 100 | _a20130416d1961 |||y0rusy50 ca | ||
| 101 | 0 | _arus | |
| 102 | _aRU | ||
| 105 | _ay z ||||| | ||
| 200 | 1 |
_aМатериалы к совещанию _fГос. науч.-техн. ком. Совета Министров СССР. Гос. науч.-техн. ком. Совета Министров УССР. Киевское правл. Науч.-техн. о-ва энергопром-сти. Выставка передового опыта в нар. хозяйстве УССР. Науч.-техн. совещание по вопросам перевода на повышенное напряжение электрических сетей и потребителей электроэнергии |
|
| 210 |
_aКиев _cБ. и. _d1961 |
||
| 215 |
_a11 л. _d28 |
||
| 327 | 1 | _aСодерж.: Об использовании имеющегося парка трансформаторов при переводе сетей на повышенной напряжение / И.С. Калиниченко. Развитие энергетики УССР и возможное использование существующих линий на повышенных напряжениях / Н.Н. Стогов | |
| 464 | 0 |
_12001#$aРазвитие энергетики УССР и возможное использование существующих линий на повышенных напряжениях _1700#1$aСтогов$bН.Н. _tРазвитие энергетики УССР и возможное использование существующих линий на повышенных напряжениях _aСтогов, Н.Н. |
|
| 464 | 0 |
_12001#$aОб использовании имеющегося парка трансформаторов при переводе сетей на повышенное напряжение _1700#1$aКалиниченко$bИ.С. _tОб использовании имеющегося парка трансформаторов при переводе сетей на повышенное напряжение _aКалиниченко, И.С. |
|
| 606 |
_aЭлектрические сети _xПеревод на повышенное напряжение _2psbo |
||
| 710 | 1 | 2 |
_aНаучно-техническое совещание по вопросам перевода на повышенное напряжение электрических сетей и потребителей электроэнергии _f1961 _eКиев _3RU\NLR\AUTH\8810119626 _9737810 |
| 801 | 0 |
_aRU _bNLR _gpsbo |
|
| 801 | 1 |
_aRU _bELAR _2rusmarc |
|
| 852 |
_aNLR _j61-8/1102 |
||
| 942 | _cBOOK | ||
| 980 | _aNB | ||